| 000 | 00715nam a22002177a 4500 | ||
|---|---|---|---|
| 003 | OSt | ||
| 005 | 20251127161641.0 | ||
| 008 | 251127b |||||||| |||| 00| 0 eng d | ||
| 020 | _a978-1-4359-5422-4 | ||
| 040 |
_aDWCL-Main lib. _cOC |
||
| 082 | _aCirc. 658.4012 R463i 2010 | ||
| 100 | _aReynolds, Chris | ||
| 245 |
_aIntroduction to business architecture/ _cChris Reynolds |
||
| 260 |
_aBoston, MA : _b Course Technology, _cc2010. |
||
| 300 |
_axiv, 239 pages : _b illustrations ; _c24 centimeters. |
||
| 504 | _aIncludes appendix and index. | ||
| 650 | _a1. Business planning. | ||
| 650 | _a2. Organizational effectiveness. | ||
| 650 | _a3. Strategic planning. | ||
| 942 |
_2ddc _cBK-CIRC _hCirc. _n0 |
||
| 999 |
_c6514 _d6514 |
||